000 01075nam0a2200277 4500
001 RU\NLR\ONL2\28777
005 20260406081831.0
035 _a(NLR Aleph) 010215730
090 _a10296356
_c10296356
100 _a20131021d1968 |||y0rusy50 ca
101 1 _aalt
_crus
102 _aRU
105 _aa |||||||||
200 1 _aПартизан кызычак
_e[пер. с рус.]
_fН. Надеждина
210 _aГорно-Алтайск
_cАлт. бичиктер чыг. изд. Туулу Алт. бӧлӱги
_d1968
215 _a156,[2] с.
_cил.
_d21
541 1 _aПартизанка Лара
_eдля нач. школы
_zrus
686 1 _aШ9(2)672=Алт(Р)-4
700 1 _aНадежда
_bН. А.
_gНадежда Августиновна
_4070
702 1 _4570
_7ca
_8rus
_aМихеенко
_bЛ. Д.
_f1929-1943
_gЛариса Дорофеевна
_3RU\NLR\AUTH\770276567
_92648534
801 0 _aRU
_bNLR
_c20131021
_gPSBO
852 _aNLR
_bОНЛ
_jАлт./3-648
942 _cBOOK
980 _aNB
980 _aONL_RF